[Event "Tournoi Skype 018A"]
[Site "Skype"]
[Date "????.??.??"]
[Round "1.1"]
[White "Farthouat, Titoine"]
[Black "Ayotte, Jocelyn"]
[Result "0-1"]
[WhiteElo "1606"]
[BlackElo "2167"]
[PlyCount "70"]

1. e4 c5 2. c3 e6 3. d4 d5 4. e5 Nc6 5. Nf3 f5 6. g3 Bd7 7. Bg2 Qb6 8. O-O Nh6
9. Re1 O-O-O 10. Re2 Be7 11. Bf4 Nf7 12. b3 g5 13. Bc1 g4 14. Nfd2 cxd4 15.
cxd4 Nxd4 16. Re1 Kb8 17. Bb2 Bc5 18. Nc3 Nf3+ 19. Bxf3 Bxf2+ 20. Kf1 Bxe1 21.
Qxe1 gxf3 22. Nxf3 Rc8 23. Rc1 Bb5+ 24. Nxb5 Qxb5+ 25. Kg2 Rxc1 26. Qxc1 Rc8
27. Qd2 Qc5 28. Nd4 Ka8 29. Kf3 Nxe5+ 30. Kf4 Ng6+ 31. Kf3 e5 32. Nxf5 e4+ 33.
Kg4 Rf8 34. Qh6 Qf2 35. Bg7 Qxf5# 0-1

[Event "Tournoi Skype 018A"]
[Site "Skype"]
[Date "????.??.??"]
[Round "1.2"]
[White "Hervais, Adrien"]
[Black "Bendre, Pankaj"]
[Result "1-0"]
[WhiteElo "2071"]
[BlackElo "1603"]
[PlyCount "25"]

1. e4 e5 2. f4 exf4 3. Nf3 Nc6 4. d4 d5 5. exd5 Qxd5 6. Nc3 Bb4 7. Be2 Nf6 8.
O-O Bxc3 9. bxc3 Ne4 10. c4 Qd6 11. Bd3 Nf6 12. Re1+ Ne7 13. Qe2 1-0

[Event "Tournoi Skype 018A"]
[Site "Skype"]
[Date "????.??.??"]
[Round "1.3"]
[White "Ibarra Cantu, Raul Alberto"]
[Black "Donmez, Unal"]
[Result "1-0"]
[WhiteElo "2041"]
[BlackElo "2002"]
[PlyCount "41"]

1. e4 e5 2. Nf3 Nc6 3. Bb5 a6 4. Ba4 Nf6 5. O-O Be7 6. Re1 b5 7. Bb3 d6 8. h3
Na5 9. c3 Nxb3 10. Qxb3 Be6 11. Qc2 O-O 12. d4 Nd7 13. d5 Nc5 14. dxe6 fxe6 15.
Be3 Nd7 16. Nbd2 Qe8 17. Nf1 Qg6 18. Ng3 h5 19. h4 Qg4 20. Qe2 Nf6 21. Bg5 1-0

[Event "Tournoi Skype 018A"]
[Site "Skype"]
[Date "????.??.??"]
[Round "1.4"]
[White "Alvarez, Rafael Andres"]
[Black "Deville, Olivier"]
[Result "0-1"]
[WhiteElo "1600"]
[BlackElo "1974"]
[PlyCount "130"]

1. d4 Nf6 2. Nf3 e6 3. e3 c5 4. c3 b6 5. Bd3 Bb7 6. Nbd2 Be7 7. O-O O-O 8. Qc2
Nc6 9. e4 h6 10. h3 d6 11. Re1 Rc8 12. Nb3 cxd4 13. cxd4 Nxd4 14. Qd1 Nxb3 15.
axb3 a5 16. Nd2 Nd7 17. Qg4 Ne5 18. Qe2 Nxd3 19. Qxd3 Qc7 20. Nf3 Qc2 21. Qxc2
Rxc2 22. Nd4 Rc5 23. f3 Rfc8 24. Be3 Bg5 25. Bxg5 hxg5 26. Rad1 Kf8 27. Rd2 Rc1
28. Rxc1 Rxc1+ 29. Kf2 Ke7 30. Rc2 Rxc2+ 31. Nxc2 d5 32. e5 f6 33. exf6+ gxf6
34. Ke3 e5 35. g3 d4+ 36. Ke2 Ke6 37. h4 gxh4 38. gxh4 Kf5 39. Ne1 Kg6 40. Kf2
Kh5 41. Kg3 Ba6 42. Ng2 d3 43. Ne3 d2 44. f4 Be2 45. fxe5 fxe5 46. Kf2 d1=Q 47.
Nxd1 Bxd1 48. Ke3 Bxb3 49. Ke4 Kxh4 50. Kxe5 b5 51. Kd4 Kg3 52. Kc5 Bc4 53. Kb6
a4 54. Ka5 Kf3 55. Kb4 Ke3 56. Kc3 Ke2 57. Kc2 Bb3+ 58. Kc1 Ba2 59. Kc2 b4 60.
Kc1 Kd3 61. Kd1 b3 62. Kc1 a3 63. bxa3 Kc3 64. a4 b2+ 65. Kd1 b1=Q+ 0-1

[Event "Tournoi Skype 018A"]
[Site "Skype"]
[Date "????.??.??"]
[Round "1.6"]
[White "Rochette, Mathieu"]
[Black "Plourde, Alain"]
[Result "0-1"]
[WhiteElo "1589"]
[BlackElo "1931"]
[PlyCount "36"]

1. d4 Nf6 2. c4 e6 3. Nf3 d5 4. Bg5 h6 5. Bh4 c6 6. Nc3 dxc4 7. e3 g5 8. Bg3 b5
9. a4 b4 10. Na2 Ne4 11. Bxb8 Rxb8 12. Bxc4 Bd6 13. O-O Bb7 14. Qb3 g4 15. Ne5
Nd2 16. Qc2 Nxf1 17. Nxf7 Kxf7 18. Qf5+ Qf6 0-1

[Event "Tournoi Skype 018A"]
[Site "Skype"]
[Date "????.??.??"]
[Round "1.8"]
[White "Trivedi, Viral"]
[Black "Rico Hernandez, Edgar"]
[Result "0-1"]
[WhiteElo "1587"]
[BlackElo "1872"]
[PlyCount "52"]

1. e4 c6 2. d4 d5 3. exd5 cxd5 4. c4 Nf6 5. Nc3 e6 6. c5 Be7 7. Nf3 O-O 8. Bd3
b6 9. b4 a5 10. Ba3 axb4 11. Bxb4 Nc6 12. a3 bxc5 13. Bxc5 Bxc5 14. dxc5 Qa5
15. Qd2 Qxc5 16. O-O Qa5 17. Qc2 Ba6 18. Bxa6 Qxa6 19. Rfe1 Rfc8 20. Qe2 Qxe2
21. Nxe2 Na5 22. Ned4 Nc4 23. Ne5 Nxe5 24. Rxe5 Rc4 25. Nb5 Ra5 26. Rb1 Rxb5
0-1

[Event "Tournoi Skype 018A"]
[Site "Skype"]
[Date "????.??.??"]
[Round "1.10"]
[White "Gharbi, Said"]
[Black "Dal, Ibrahim"]
[Result "0-1"]
[WhiteElo "1567"]
[BlackElo "1849"]
[PlyCount "78"]

1. e4 c6 2. d4 d5 3. Bd3 dxe4 4. Bxe4 Nf6 5. Nc3 Nxe4 6. Nxe4 Bf5 7. Ng3 Qd5 8.
Nf3 Bg4 9. O-O e6 10. Bf4 Bxf3 11. Qxf3 Qxd4 12. c3 Qb6 13. b3 Be7 14. Be5 O-O
15. Nh5 f6 16. Qg4 Rf7 17. Nxg7 Rxg7 18. Qxe6+ Kf8 19. Qc8+ Kf7 20. Bxb8 Rg8
21. Qf5 Raxb8 22. Qxh7+ Rg7 23. Qh5+ Kg8 24. Rfd1 Qc7 25. Rd4 Rh7 26. Qg4+ Kh8
27. h3 Rg8 28. Qf3 f5 29. Rad1 Bc5 30. Rc4 Qe5 31. b4 Bb6 32. Rf4 Rg5 33. Kf1
Bc7 34. Rfd4 Re7 35. Rh4+ Kg7 36. Rhd4 Qh2 37. g3 Qxh3+ 38. Kg1 Bb6 39. Rh4
Rxg3+ 0-1

[Event "Tournoi Skype 018A"]
[Site "Skype"]
[Date "????.??.??"]
[Round "1.11"]
[White "Jacquelin, Norbert"]
[Black "Saponara, Jose Maria"]
[Result "1/2-1/2"]
[WhiteElo "1845"]
[BlackElo "1561"]
[PlyCount "56"]

1. c4 c6 2. Nf3 Nf6 3. g3 g6 4. Bg2 Bg7 5. e3 d6 6. Nc3 Bf5 7. d3 Qc8 8. e4 Bh3
9. O-O Bxg2 10. Kxg2 O-O 11. h3 Nbd7 12. Bg5 h6 13. Be3 b6 14. Qd2 Kh7 15. Rh1
Rh8 16. g4 Nf8 17. Ne2 Ne6 18. Rac1 Kg8 19. Ng3 h5 20. g5 Nd7 21. h4 c5 22. Ne2
Ne5 23. Nxe5 Bxe5 24. f4 Bd4 25. Bxd4 Nxd4 26. Kg3 Qg4+ 27. Kf2 Nxe2 28. Qxe2
Qxf4+ 1/2-1/2

[Event "Tournoi Skype 018A"]
[Site "Skype"]
[Date "????.??.??"]
[Round "1.14"]
[White "Perez Fermin, Jose"]
[Black "Legueltel, Daniel"]
[Result "0-1"]
[WhiteElo "1558"]
[BlackElo "1823"]
[PlyCount "74"]

1. e4 e5 2. Nf3 Nf6 3. Nc3 d6 4. d4 exd4 5. Nxd4 Bd7 6. Bc4 Nc6 7. O-O Be7 8.
f4 O-O 9. Kh1 Re8 10. Re1 Bf8 11. Nf3 Be6 12. Nd5 Na5 13. Nxf6+ Qxf6 14. Bxe6
Rxe6 15. Ng5 Ree8 16. Qh5 Qg6 17. Qxg6 hxg6 18. b3 Nc6 19. Bb2 f6 20. Nf3 Re6
21. Re2 Rae8 22. Rae1 Nb4 23. a3 Nc6 24. c4 a6 25. h3 b5 26. cxb5 axb5 27. Rc1
d5 28. Rec2 dxe4 29. Rxc6 Rxc6 30. Rxc6 exf3 31. Rc2 Re2 32. Rxe2 fxe2 33. Bc3
Bxa3 34. g3 c5 35. Kg2 b4 36. Be1 c4 37. bxc4 b3 0-1

[Event "Tournoi Skype 018A"]
[Site "Skype"]
[Date "????.??.??"]
[Round "1.15"]
[White "Engstrom, Olle"]
[Black "Prasad Singh, Ambika"]
[Result "1/2-1/2"]
[WhiteElo "1809"]
[BlackElo "1545"]
[PlyCount "103"]

1. e4 c5 2. Nf3 d6 3. d4 cxd4 4. Nxd4 Nf6 5. f3 Nc6 6. Nb3 Bd7 7. c4 Ne5 8. Nd4
Rc8 9. b3 g6 10. Be3 a6 11. Qd2 Bg7 12. Bh6 O-O 13. Bxg7 Kxg7 14. Nc3 Qc7 15.
Nc2 b5 16. Ne3 bxc4 17. Nxc4 Nxc4 18. Bxc4 Be6 19. Nd5 Bxd5 20. exd5 Qb6 21.
Ke2 Nd7 22. f4 f5 23. Rhd1 Nf6 24. Qd4 Qxd4 25. Rxd4 a5 26. Rad1 Ne4 27. R4d3
Nc5 28. Re3 Rc7 29. a3 Rf6 30. Kf3 Rf8 31. Rde1 Kf7 32. h3 h5 33. g4 hxg4+ 34.
hxg4 Rh8 35. gxf5 gxf5 36. b4 axb4 37. axb4 Ne4 38. Bb5 Rb7 39. Bc6 Rxb4 40.
Kg2 Rg8+ 41. Kf1 Ng3+ 42. Kf2 Rxf4+ 43. Rf3 Rxf3+ 44. Kxf3 Ne4 45. Kf4 Kf6 46.
Ra1 e6 47. dxe6 Kxe6 48. Bxe4 fxe4 49. Kxe4 d5+ 50. Kd4 Rg4+ 51. Kd3 Ke5 52.
Re1+ 1/2-1/2

[Event "Tournoi Skype 018A"]
[Site "Skype"]
[Date "????.??.??"]
[Round "1.16"]
[White "Yeter, Orhan"]
[Black "Thoune, Jim"]
[Result "1-0"]
[WhiteElo "1544"]
[BlackElo "1809"]
[PlyCount "49"]

1. e4 g6 2. d4 d6 3. Nf3 Bg7 4. Bc4 e6 5. O-O Ne7 6. Re1 O-O 7. Be3 c5 8. Nc3
b6 9. Qd2 a6 10. Bh6 b5 11. Bxg7 Kxg7 12. Bd3 Nd7 13. a4 b4 14. Nd1 Qc7 15. Ne3
f5 16. Ng5 Nf6 17. d5 exd5 18. exd5 Nfxd5 19. Nxd5 Nxd5 20. Bc4 Nf6 21. Rad1
Rd8 22. Nf7 Rd7 23. Qh6+ Kg8 24. Nxd6+ Kh8 25. Qf8+ 1-0

[Event "Tournoi Skype 018A"]
[Site "Skype"]
[Date "????.??.??"]
[Round "1.17"]
[White "Barrasso, Alex"]
[Black "Talbot, Jacques"]
[Result "1-0"]
[WhiteElo "1781"]
[BlackElo "1525"]
[PlyCount "35"]

1. e4 e5 2. Nf3 d6 3. d4 exd4 4. Nxd4 Nf6 5. Nc3 Be7 6. Bc4 Nc6 7. Bf4 O-O 8.
O-O Bd7 9. Re1 Re8 10. Qd2 Bf8 11. Rad1 Nxd4 12. Qxd4 Bc6 13. e5 dxe5 14. Bxf7+
Kxf7 15. Qc4+ Nd5 16. Nxd5 Bxd5 17. Rxd5 Qe7 18. Rdxe5+ 1-0

[Event "Tournoi Skype 018A"]
[Site "Skype"]
[Date "????.??.??"]
[Round "1.18"]
[White "Bousbia, Amine"]
[Black "Segura Lozano, Marcos Antonio"]
[Result "0-1"]
[WhiteElo "1513"]
[BlackElo "1764"]
[PlyCount "38"]

1. d4 Nf6 2. Nc3 d5 3. Bf4 c6 4. Nf3 Nbd7 5. e3 g6 6. Bd3 Bg7 7. O-O h5 8. e4
dxe4 9. Nxe4 Nd5 10. Bg5 Qc7 11. c4 Nf4 12. Re1 f6 13. Bxf4 Qxf4 14. Ng3 Nf8
15. Qe2 Qc7 16. Qc2 f5 17. Ne5 Bxe5 18. Rxe5 e6 19. d5 Qxe5 0-1

[Event "Tournoi Skype 018A"]
[Site "Skype"]
[Date "????.??.??"]
[Round "1.19"]
[White "Mishra, Om"]
[Black "Cossalter, Maurizio"]
[Result "1-0"]
[WhiteElo "1744"]
[BlackElo "1512"]
[PlyCount "23"]

1. e4 c5 2. Nf3 Nc6 3. d4 cxd4 4. Nxd4 e5 5. Nb3 Nf6 6. Bd3 Be7 7. O-O O-O 8.
Nc3 b6 9. f4 d5 10. exd5 Nxd5 11. Nxd5 Qxd5 12. Bxh7+ 1-0

[Event "Tournoi Skype 018A"]
[Site "Skype"]
[Date "????.??.??"]
[Round "1.20"]
[White "Coruble, Didier"]
[Black "Casey, Eamonn"]
[Result "0-1"]
[WhiteElo "1505"]
[BlackElo "1733"]
[PlyCount "83"]

1. e3 Nf6 2. Nc3 e6 3. d4 d5 4. Bd3 Bb4 5. Nge2 O-O 6. O-O Nbd7 7. h3 c5 8. a3
Ba5 9. Na2 c4 10. b4 cxd3 11. bxa5 dxe2 12. Qxe2 Qxa5 13. Nb4 Ne4 14. Nd3 Ndf6
15. Ne5 Nd7 16. Nf3 b6 17. Bb2 Ba6 18. c4 Bxc4 19. Qc2 Bxf1 20. Rxf1 Rac8 21.
Qd1 Ndf6 22. g4 Nc3 23. Qa1 Ne2+ 24. Kh2 Rc2 25. g5 Ne4 26. Ne1 Rc4 27. h4 Nd2
28. Rh1 b5 29. Kh3 Qc7 30. Rh2 Nb3 31. Qd1 Nec1 32. f4 Rc8 33. h5 Na5 34. g6
hxg6 35. hxg6 fxg6 36. Nf3 Rc2 37. Qg1 Rxh2+ 38. Nxh2 Qc2 39. Bxc1 Qxc1 40.
Qxg6 Qxe3+ 41. Qg3 Qxg3+ 42. Kxg3 0-1

[Event "Tournoi Skype 018A"]
[Site "Skype"]
[Date "????.??.??"]
[Round "1.21"]
[White "Ricieri, Vinicius"]
[Black "Yardimci, Ertan"]
[Result "1-0"]
[WhiteElo "1714"]
[BlackElo "1498"]
[PlyCount "51"]

1. e4 e5 2. Nf3 Nc6 3. d4 exd4 4. Nxd4 Nxd4 5. Qxd4 d6 6. Bc4 Qf6 7. Be3 Qg6 8.
g3 Nf6 9. Nc3 a6 10. O-O Ng4 11. Rad1 Be6 12. Bxe6 Qxe6 13. Nd5 Qc8 14. Rd3 Ne5
15. Qa4+ Kd8 16. Rc3 Qh3 17. Bg5+ f6 18. Nxf6 gxf6 19. Bxf6+ Be7 20. Bxe7+ Kxe7
21. f4 Ng4 22. Rxc7+ Kf8 23. Rf2 Nxf2 24. Qd4 Rg8 25. Qxd6+ Ke8 26. Qe7# 1-0

[Event "Tournoi Skype 018A"]
[Site "Skype"]
[Date "????.??.??"]
[Round "1.22"]
[White "Hague, Mark"]
[Black "Janssen, Gerard"]
[Result "0-1"]
[WhiteElo "1493"]
[BlackElo "1694"]
[PlyCount "88"]

1. d4 d5 2. c4 e6 3. Nc3 Nf6 4. Bg5 c5 5. cxd5 exd5 6. e3 c4 7. Nf3 Be7 8. Ne5
O-O 9. Be2 a6 10. f4 h6 11. Bxf6 Bxf6 12. O-O Bf5 13. Bg4 Bxg4 14. Qxg4 b5 15.
a3 Ra7 16. Rf3 Qd6 17. Rh3 Bxe5 18. fxe5 Qe6 19. Qf4 f5 20. Rf1 g5 21. Rg3 Rg7
22. Qf3 Nc6 23. Qh5 f4 24. Rgf3 Kh7 25. exf4 Nxd4 26. Rh3 g4 27. Re3 Nf5 28.
Re2 g3 29. h3 d4 30. Nd1 d3 31. Re4 Qb6+ 32. Kh1 Nd4 33. Rfe1 Nc2 34. Rf1 Qc6
35. Qf3 a5 36. f5 Rg5 37. f6 Qd5 38. e6 Nd4 39. Qf4 Nxe6 40. Rxe6 Qxe6 41. Qc7+
Rf7 42. Qxa5 Rxf6 43. Rxf6 Qxf6 44. Qc7+ Kg6 0-1

[Event "Tournoi Skype 018A"]
[Site "Skype"]
[Date "????.??.??"]
[Round "1.23"]
[White "Megelas, Florent"]
[Black "Meaney, Mike"]
[Result "1-0"]
[WhiteElo "1688"]
[BlackElo "1469"]
[PlyCount "35"]

1. e4 e5 2. Nf3 d6 3. d4 exd4 4. Nxd4 Nf6 5. Nc3 Be7 6. Bc4 O-O 7. O-O h6 8.
Qf3 Bg4 9. Qg3 Qd7 10. h3 Bh5 11. Nf5 Bg6 12. Qxg6 Qxf5 13. Qxf5 Nc6 14. Be3
Ne5 15. Bb3 g6 16. Qf4 g5 17. Qf5 Ng6 18. Qxg6+ 1-0

[Event "Tournoi Skype 018A"]
[Site "Skype"]
[Date "????.??.??"]
[Round "1.24"]
[White "Malbec, Robert"]
[Black "Karia, Vijay"]
[Result "0-1"]
[WhiteElo "1441"]
[BlackElo "1674"]
[PlyCount "102"]

1. e4 d5 2. exd5 Qxd5 3. Nc3 Qa5 4. d4 c6 5. Bd2 Qb6 6. Nf3 Bg4 7. Na4 Qc7 8.
Be2 Nf6 9. Bg5 Ne4 10. Be3 Bxf3 11. Bxf3 Qa5+ 12. c3 Nd6 13. Nc5 Qc7 14. O-O e6
15. Bf4 Nd7 16. Ne4 Be7 17. c4 e5 18. Bxe5 Nxe5 19. dxe5 Nxc4 20. Nd6+ Nxd6 21.
exd6 Qxd6 22. Qxd6 Bxd6 23. Rfe1+ Kd7 24. Re2 Kc7 25. g3 h6 26. b3 Rhe8 27.
Rae1 Red8 28. Rd1 a5 29. Red2 Bb4 30. Rd3 Rxd3 31. Rxd3 Rd8 32. Be4 Rxd3 33.
Bxd3 Kd6 34. Kg2 b6 35. Bh7 Ke5 36. Kf3 g6 37. h3 Kf6 38. Ke4 Kg7 39. Bxg6 fxg6
40. f4 Kf6 41. g4 Be7 42. Kd4 Ke6 43. Ke4 b5 44. Kd4 Bd6 45. Ke4 c5 46. h4 h5
47. f5+ gxf5+ 48. gxf5+ Kf6 49. Kd5 Kxf5 50. Kxd6 c4 51. bxc4 bxc4 0-1

[Event "Tournoi Skype 018A"]
[Site "Skype"]
[Date "????.??.??"]
[Round "1.25"]
[White "Murgia, Stefano"]
[Black "Rugman, Dan"]
[Result "1/2-1/2"]
[WhiteElo "1628"]
[BlackElo "1422"]
[PlyCount "63"]

1. e4 c5 2. Nf3 d6 3. d4 cxd4 4. Nxd4 Nf6 5. Nc3 g6 6. f4 Nc6 7. Nf3 Bg7 8. Be2
O-O 9. O-O Bd7 10. Kh1 Rc8 11. Qe1 Nb4 12. Bd3 Nxd3 13. cxd3 Qa5 14. Bd2 Qa6
15. d4 Bb5 16. Nxb5 Qxb5 17. e5 dxe5 18. fxe5 Nd5 19. Qh4 Rc2 20. Bh6 Bxh6 21.
Qxh6 Qe2 22. Rg1 f6 23. Rae1 Qc4 24. Ref1 Qc8 25. Rc1 Qf5 26. Nh4 Qd3 27. Rcd1
Qe3 28. Qxe3 Nxe3 29. Rd3 Nd5 30. Rb3 b6 31. Nf3 Rfc8 32. exf6 1/2-1/2

[Event "Tournoi Skype 018A"]
[Site "Skype"]
[Date "????.??.??"]
[Round "1.26"]
[White "L'Herbon De Lussats, Jean"]
[Black "Le Brun, Yves"]
[Result "1/2-1/2"]
[WhiteElo "1374"]
[BlackElo "1623"]
[PlyCount "90"]

1. e4 e5 2. c4 d6 3. Nf3 Nf6 4. Nc3 Be7 5. d4 exd4 6. Nxd4 c5 7. Nf3 Nbd7 8.
Qa4 O-O 9. Bd3 Ne5 10. Be2 Bd7 11. O-O Bg4 12. Qc2 a6 13. Nxe5 dxe5 14. Rd1 Qc8
15. Nd5 Nxd5 16. Rxd5 Bxe2 17. Qxe2 Qe6 18. Be3 b6 19. Rad1 Rfd8 20. a3 Rxd5
21. cxd5 Qg6 22. f3 b5 23. Qd3 Qd6 24. Rc1 c4 25. Qc3 f6 26. Bd2 Bd8 27. b4
cxb3 28. Qxb3 Bb6+ 29. Be3 Bxe3+ 30. Qxe3 Kf8 31. Rc6 Qd7 32. Qc5+ Ke8 33. Re6+
Kf7 34. Qc6 Qxc6 35. Rxc6 a5 36. Rc7+ Kf8 37. d6 Rd8 38. Rc6 Rd7 39. Kf2 Kf7
40. Ke3 Ke6 41. f4 Rxd6 42. f5+ Kd7 43. Rc5 Rd4 44. Rxb5 Ra4 45. Rb3 Kc6
1/2-1/2

[Event "Tournoi Skype 018A"]
[Site "Skype"]
[Date "????.??.??"]
[Round "2.1"]
[White "Ayotte, Jocelyn"]
[Black "Barrasso, Alex"]
[Result "1-0"]
[WhiteElo "2167"]
[BlackElo "1781"]
[PlyCount "55"]

1. d4 Nf6 2. c4 e6 3. Nc3 Bb4 4. Qc2 c5 5. Nf3 Nc6 6. e3 O-O 7. a3 Bxc3+ 8.
bxc3 d6 9. e4 e5 10. d5 Ne7 11. g3 Ne8 12. Bd3 f5 13. Bg5 fxe4 14. Bxe4 h6 15.
Bxe7 Qxe7 16. Bh7+ Kh8 17. Nh4 Qf7 18. f4 exf4 19. O-O g5 20. Ng6+ Kxh7 21.
Nxf8+ Kg7 22. gxf4 Qxf8 23. fxg5 Qe7 24. gxh6+ Kxh6 25. Qd2+ Kg7 26. Rae1 Qd8
27. Qg2+ Kh6 28. Rf8 1-0

[Event "Tournoi Skype 018A"]
[Site "Skype"]
[Date "????.??.??"]
[Round "2.2"]
[White "Legueltel, Daniel"]
[Black "Hervais, Adrien"]
[Result "0-1"]
[WhiteElo "1823"]
[BlackElo "2071"]
[PlyCount "52"]

1. d4 d5 2. c4 c6 3. cxd5 cxd5 4. Nc3 Nc6 5. Nf3 Bf5 6. Bf4 e6 7. Rc1 Qb6 8.
Qb3 Nf6 9. Qxb6 axb6 10. e3 Be7 11. Bb5 O-O 12. O-O Nb4 13. a3 Nd3 14. Bxd3
Bxd3 15. Rfd1 Bf5 16. Ne5 Rfc8 17. Ne2 h6 18. Rxc8+ Rxc8 19. Rc1 Rxc1+ 20. Nxc1
Ne4 21. f3 Nd6 22. Nd7 Nc4 23. b3 Bxa3 24. e4 e5 25. dxe5 Bxd7 26. bxc4 dxc4
0-1

[Event "Tournoi Skype 018A"]
[Site "Skype"]
[Date "????.??.??"]
[Round "2.3"]
[White "Segura Lozano, Marcos Antonio"]
[Black "Ibarra Cantu, Raul Alberto"]
[Result "0-1"]
[WhiteElo "1764"]
[BlackElo "2041"]
[PlyCount "58"]

1. e4 c5 2. Nf3 d6 3. d4 cxd4 4. Nxd4 Nf6 5. Nc3 a6 6. Bg5 e6 7. f3 Be7 8. Qd2
Qc7 9. O-O-O O-O 10. g4 Nc6 11. h4 b5 12. Be3 Nd7 13. f4 b4 14. Nce2 Nxd4 15.
Nxd4 Bb7 16. Bg2 Nc5 17. e5 dxe5 18. Bxb7 exd4 19. Bxa8 dxe3 20. Qxe3 Rxa8 21.
g5 Rc8 22. Kb1 Na4 23. Rh2 Nc3+ 24. bxc3 bxc3 25. Ka1 Rb8 26. Rb1 Rxb1+ 27.
Kxb1 Ba3 28. Ka1 Bb2+ 29. Kb1 Qb7 0-1

[Event "Tournoi Skype 018A"]
[Site "Skype"]
[Date "????.??.??"]
[Round "2.4"]
[White "Deville, Olivier"]
[Black "Mishra, Om"]
[Result "0-1"]
[WhiteElo "1974"]
[BlackElo "1744"]
[PlyCount "68"]

1. c4 g6 2. d4 Nf6 3. Nc3 Bg7 4. e4 d6 5. Be2 Nbd7 6. Nf3 c5 7. O-O O-O 8. d5
a6 9. Ne1 Rb8 10. a4 Ne8 11. Nd3 Ne5 12. Nxe5 Bxe5 13. Bd3 Nc7 14. Qe2 Bd7 15.
f4 Bd4+ 16. Be3 Bxe3+ 17. Qxe3 b5 18. axb5 axb5 19. b3 bxc4 20. bxc4 Rb3 21.
Bc2 Rb2 22. Qc1 Qb8 23. Rb1 Rxb1 24. Qxb1 Qb4 25. Qxb4 cxb4 26. Ne2 Ra8 27. Nd4
Ra2 28. Bb3 Ra3 29. Rb1 Na6 30. Nc2 Ra5 31. Kf2 Nc5 32. Ke3 Ra7 33. Kd4 Rb7 34.
e5 Bf5 0-1

[Event "Tournoi Skype 018A"]
[Site "Skype"]
[Date "????.??.??"]
[Round "2.5"]
[White "Casey, Eamonn"]
[Black "Hilton, Stephen"]
[Result "1/2-1/2"]
[WhiteElo "1733"]
[BlackElo "1934"]
[PlyCount "73"]

1. d4 Nf6 2. c4 g6 3. Nc3 d5 4. cxd5 Nxd5 5. e4 Nxc3 6. bxc3 Bg7 7. Bc4 O-O 8.
Ne2 c5 9. O-O cxd4 10. cxd4 Nc6 11. Be3 b6 12. Rc1 Bb7 13. Bb5 Na5 14. d5 a6
15. Bc6 Bxc6 16. dxc6 Qc7 17. Qd7 Be5 18. Qxc7 Bxc7 19. Nf4 e6 20. Rfd1 Rac8
21. Nd3 b5 22. Nb4 Ra8 23. Rd2 Nc4 24. Rd7 Rfc8 25. Bg5 Ne5 26. Rdd1 Ba5 27.
Bf4 Nc4 28. Nd3 Rxc6 29. Ne5 Nxe5 30. Bxe5 Rxc1 31. Rxc1 Kf8 32. Kf1 Ke7 33.
Ke2 Rd8 34. Rc6 f6 35. Rxa6 Rd2+ 36. Ke3 fxe5 37. Rxa5 1/2-1/2

[Event "Tournoi Skype 018A"]
[Site "Skype"]
[Date "????.??.??"]
[Round "2.6"]
[White "Plourde, Alain"]
[Black "Ricieri, Vinicius"]
[Result "1-0"]
[WhiteElo "1931"]
[BlackElo "1714"]
[PlyCount "105"]

1. d4 Nf6 2. c4 e6 3. Nf3 b6 4. Nc3 Bb4 5. a3 Bxc3+ 6. bxc3 Bb7 7. Bg5 O-O 8.
e3 h6 9. Bh4 d6 10. Bd3 Nbd7 11. O-O c5 12. Qe2 Rc8 13. e4 Qc7 14. Bxf6 Nxf6
15. e5 Nd7 16. Rad1 Bxf3 17. Qxf3 dxe5 18. d5 exd5 19. cxd5 Rfd8 20. c4 Nf6 21.
a4 Qe7 22. Rfe1 Rd6 23. Be4 a6 24. Rb1 Rcd8 25. Qc3 Qe8 26. Bc2 b5 27. Rxe5 Qd7
28. axb5 axb5 29. Rxb5 Nxd5 30. Qe1 Nb4 31. Bf5 Nd3 32. Bxd7 Nxe1 33. Rxe1
R8xd7 34. Rxc5 Rd1 35. Kf1 Kf8 36. Rc8+ Rd8 37. Rxd8+ Rxd8 38. Ke2 Re8+ 39. Kd2
Rxe1 40. Kxe1 Ke7 41. Kd2 Kd6 42. Kc3 Kc5 43. Kd3 f6 44. g4 g6 45. h4 h5 46. f3
f5 47. gxf5 gxf5 48. f4 Kd6 49. Kd4 Kc6 50. Ke5 Kc5 51. Kxf5 Kxc4 52. Kg6 Kd4
53. f5 1-0

[Event "Tournoi Skype 018A"]
[Site "Skype"]
[Date "????.??.??"]
[Round "2.7"]
[White "Rico Hernandez, Edgar"]
[Black "Megelas, Florent"]
[Result "1-0"]
[WhiteElo "1872"]
[BlackElo "1688"]
[PlyCount "125"]

1. d4 d5 2. c4 Nf6 3. Nf3 Bf5 4. Nc3 e6 5. Qb3 Qc8 6. cxd5 exd5 7. Nxd5 Nxd5 8.
Qxd5 Bd6 9. e3 O-O 10. Qb3 Nc6 11. a3 Rb8 12. Bd3 Re8 13. Qc2 Bxd3 14. Qxd3 Qg4
15. O-O Ne7 16. h3 Qh5 17. e4 Qg6 18. Rd1 Nc6 19. e5 Qxd3 20. Rxd3 Bf8 21. Bf4
Ne7 22. Rc1 Nd5 23. Bg3 h6 24. Nd2 Rbc8 25. Nb3 b6 26. Nd2 a5 27. Nc4 f5 28.
exf6 Nxf6 29. Ne3 Ne4 30. Bh2 Bd6 31. Bxd6 Nxd6 32. Kf1 Rf8 33. f3 Ne4 34. Kg1
Ng3 35. Rc2 c6 36. Nc4 Rce8 37. Rd1 Rf4 38. Rcd2 c5 39. Nd6 Re2 40. dxc5 bxc5
41. Rxe2 Nxe2+ 42. Kf2 Nd4 43. Nb7 Rf5 44. Nxa5 Re5 45. Rd2 Re6 46. Nc4 Nb5 47.
Rd5 Rc6 48. Rd8+ Kh7 49. f4 Nd4 50. Rd5 Ne6 51. Ke3 Kg8 52. f5 Nd4 53. g4 Nc2+
54. Kf4 Nd4 55. Rd8+ Kh7 56. Ne5 Rc7 57. Ng6 Ne6+ 58. fxe6 Kxg6 59. Ke5 c4 60.
Kd6 c3 61. bxc3 Rxc3 62. e7 Rd3+ 63. Kc5 1-0

[Event "Tournoi Skype 018A"]
[Site "Skype"]
[Date "????.??.??"]
[Round "2.8"]
[White "Dal, Ibrahim"]
[Black "Aranzubia, Desiderio"]
[Result "1-0"]
[WhiteElo "1849"]
[BlackElo "1586"]
[PlyCount "38"]

1. d4 Nf6 2. Nf3 e6 3. c4 c5 4. d5 Be7 5. d6 Bf8 6. Nc3 Qb6 7. Nb5 a6 8. Nc7+
Kd8 9. Nxa8 Qb4+ 10. Bd2 Qxc4 11. Ba5+ Ke8 12. e3 Qg4 13. Nc7+ Kd8 14. Nxe6+
Ke8 15. Nc7+ Kd8 16. Nxa6+ Ke8 17. Nc7+ Kd8 18. Nd5+ Ke8 19. Nxf6+ gxf6 1-0

[Event "Tournoi Skype 018A"]
[Site "Skype"]
[Date "????.??.??"]
[Round "2.9"]
[White "Janssen, Gerard"]
[Black "Lambert, Pierre"]
[Result "0-1"]
[WhiteElo "1694"]
[BlackElo "1838"]
[PlyCount "76"]

1. d4 Nf6 2. c4 g6 3. Nc3 Bg7 4. Nf3 O-O 5. e4 d6 6. Be2 c6 7. O-O Nbd7 8. Bg5
h6 9. Bf4 Re8 10. Qd2 Kh7 11. Rad1 c5 12. e5 cxd4 13. Qxd4 Ng4 14. h3 Ngxe5 15.
Nxe5 Nxe5 16. Qd5 Be6 17. Qxb7 Qb8 18. Qxb8 Raxb8 19. c5 Rxb2 20. cxd6 Nd7 21.
Bc1 Rc2 22. Nd5 Bxd5 23. Bb5 Bc6 24. a4 Bxb5 25. axb5 exd6 26. Rxd6 Nb6 27. Be3
Nc4 28. Rd7 Nxe3 29. fxe3 f5 30. Rf3 Ra2 31. Kh2 Kg8 32. h4 Ra3 33. Kh3 Rexe3
34. Rxe3 Rxe3+ 35. g3 Ra3 36. Rd6 Rxg3+ 37. Kxg3 Be5+ 38. Kf3 Bxd6 0-1

[Event "Tournoi Skype 018A"]
[Site "Skype"]
[Date "????.??.??"]
[Round "2.10"]
[White "Karia, Vijay"]
[Black "Jaimes, Fredy"]
[Result "1/2-1/2"]
[WhiteElo "1674"]
[BlackElo "1826"]
[PlyCount "81"]

1. e4 e5 2. Bc4 Nf6 3. d3 Bc5 4. Nc3 Nc6 5. f4 d6 6. Nf3 Bg4 7. Na4 Bb6 8. Nxb6
axb6 9. O-O Nd4 10. fxe5 dxe5 11. Bxf7+ Ke7 12. Bc4 b5 13. Bb3 Bxf3 14. gxf3
Nxb3 15. cxb3 Qd4+ 16. Kh1 Rhd8 17. Qc2 Qxd3 18. Qxc7+ Ke6 19. Bg5 Rd7 20. Qb6+
Kf7 21. Qg1 Rad8 22. Be3 Qe2 23. Bb6 Rc8 24. Rf2 Qd3 25. Qg2 b4 26. Rg1 g6 27.
Qg5 Re8 28. Rc1 Qa6 29. Bc5 Qxa2 30. Bxb4 Qxb3 31. Bc3 Rd1+ 32. Rxd1 Qxd1+ 33.
Kg2 Qd6 34. Rd2 Qe6 35. Bb4 Nh5 36. Qh6 Nf4+ 37. Kg3 Kg8 38. Rd6 Qf7 39. Bc3
Ne2+ 40. Kf2 Nxc3 41. bxc3 1/2-1/2

[Event "Tournoi Skype 018A"]
[Site "Skype"]
[Date "????.??.??"]
[Round "2.11"]
[White "Le Brun, Yves"]
[Black "Yeter, Orhan"]
[Result "1/2-1/2"]
[WhiteElo "1623"]
[BlackElo "1544"]
[PlyCount "87"]

1. e4 c5 2. c3 d5 3. Qc2 d4 4. d3 g6 5. Be2 Bg7 6. Nf3 Bg4 7. h3 Bxf3 8. Bxf3
Nf6 9. Nd2 Nc6 10. Nf1 O-O 11. Bf4 Qa5 12. Nd2 b5 13. O-O Nd7 14. Nb3 Qb6 15.
a3 c4 16. dxc4 bxc4 17. Nxd4 Nxd4 18. cxd4 e5 19. dxe5 Nxe5 20. Be3 Nxf3+ 21.
gxf3 Qe6 22. Kh2 Qe5+ 23. f4 Qb5 24. Rab1 Rfd8 25. Rfc1 Rdc8 26. Bd2 Bd4 27.
Kg2 Qc5 28. b4 Qh5 29. Bc3 Bb6 30. Qb2 Qh4 31. Qd2 Rd8 32. Qe2 Qxf4 33. Qf3
Qxf3+ 34. Kxf3 Rd3+ 35. Kg2 Re8 36. f3 Red8 37. Rb2 Bd4 38. Bxd4 R8xd4 39. Rbc2
Rxa3 40. Rxc4 Rxc4 41. Rxc4 Ra4 42. Rc8+ Kg7 43. Ra8 Rxb4 44. Rxa7 1/2-1/2